Statistiques concernant Pays participants des coupes du monde de Rugby (IRB)

Cliquez ici pour prendre le quiz!

Statistiques générales

  • Ce quiz a été pris 211 fois
  • Le résultat moyen est 21 sur 25

Statistiques - réponses

Pays % Correct
France
100%
Irlande
98%
Nouvelle-Zélande
97%
Italie
97%
Afrique du Sud
97%
Australie
97%
Angleterre
96%
Pays de Galles
94%
Ecosse
94%
Tonga
91%
Argentine
91%
Japon
90%
Fidji
90%
Etats-Unis
90%
Canada
89%
Samoa
89%
Espagne
83%
Russie
83%
Roumanie
80%
Portugal
77%
Namibie
76%
Georgie
72%
Uruguay
66%
Zimbabwe
46%
Cote d'Ivoire
37%

Distribution des résultats

Percentile by Number Answered

% des personnes avec chaque résultat

Votre développement - résultats

Vous n’avez pas pris ce quiz